Szczegóły MARC21

Psychospołeczne uwarunkowania defaworyzacji dzieci i młodzieży /

003 -Nazwa inst., której nr kontr. jest w polu 001 [,]
    • @
    • Nazwa instytucji, której n kontrolny jest w polu 001
    • NUKAT
005 -DATA I CZAS OSTATNIEJ MODYFIKACJI [,]
    • @
    • pole kontrolne
    • 20241231104012.0
020 -Międzynarod. znormalizowany nr książki - ISBN [ , ]
    • a
    • Numer ISBN
    • 9788376413235 Find
040 -Instytucja sporządzająca opis [ , ]
    • a
    • Instytucja, która sporządziła opis (NP)
    • KAT U/ER
    • c
    • Instytucja, która sporządziła rekord (NP)
    • KAT U/ER
    • d
    • Instytucja, która zmodyfikowała rekord (P)
    • KAT U/ER
    • d
    • Instytucja, która zmodyfikowała rekord (P)
    • LUBL U/tszs
    • d
    • Instytucja, która zmodyfikowała rekord (P)
    • KR U/BOs
041 -Język dokumentu [0, ]
    • a
    • Język tekstu (P)
    • polski
    • b
    • Język streszczeń lub abstraktu (P)
    • angielski
942 -Rodzaj dokumentu [ , ]
    • c
    • Rodzaj dokumentu
    • Książka
245 -Strefa tytułu i oznaczenia odpowiedzialności [0,0]
    • a
    • Tytuł
    • Psychospołeczne uwarunkowania defaworyzacji dzieci i młodzieży / Find
    • c
    • Pozostałe elementy strefy tytułu i oznaczenia odpowiedzialności (NP)
    • red. nauk. Krzysztof Hirszel [et al.].
260 -Strefa adresu wydawniczego [ , ]
    • a
    • Miejsce wydania (P)
    • Warszawa :
    • b
    • Nazwa wydawcy (P)
    • Difin,
    • c
    • Data wydania (P)
    • 2010.
300 -Strefa opisu fizycznego [ , ]
    • a
    • Określenie formy książki i/lub objętość (NP)
    • 207 s. :
    • b
    • Oznaczenie ilustracji (NP)
    • il. ;
    • c
    • Format (NP)
    • 23 cm.
336 -Typ zawartości [ , ]
    • a
    • Termin opisujący typ zawartości
    • Tekst
    • b
    • Kod określający zawartość
    • txt
    • 2
    • Źródło (terminu i kodu)
    • rdacontent
337 -Typ mediów [ , ]
    • a
    • Tryb odtwarzania
    • Bez urządzenia pośredniczącego
    • b
    • Kod typu mediów
    • n
    • 2
    • Źródło (terminu i kodu)
    • rdamedia
338 -Typ/rodzaj nośnika [ , ]
    • a
    • Hasło opisujące typ nośnika
    • Wolumin
    • b
    • Kod typu nośnika
    • nc
    • 2
    • Źródło (terminu i kodu)
    • rdacarrier
490 -Strefa serii i książki wielotomowej - forma nie do wyszukiwania [1, ]
    • a
    • Tytuł (P)
    • Engram Find
830 -Hasło dodatkowe serii i opisu książki wielotomowej - tytuł ujednolicony/tytuł [ ,0]
    • a
    • Tytuł ujednolicony/tytuł (NP)
    • Engram
    • 9
    • KHW
    • 12930
504 -Uwaga dot. bibliogr. załącznikowej [ , ]
    • a
    • Uwaga dot. bibliografii załącznikowej
    • Bibliogr. przy pracach.
546 -Uwaga dot. języka [ , ]
    • a
    • Uwaga dot. języka
    • Streszcz. prac ang.
080 -Uniwersalna Klasyfikacja Dziesiętna [ , ]
    • 2
    • Identyfikator wydania tablic
    • UDC-P058
    • 9
    • UKD
    • 2824
    • a
    • Symbol klasyfikacji
    • 316.64
    • b
    • Dopowiedzenie
    • Postawy społeczne. Poglądy. Świadomość społeczna. System przekonań. Przyciąganie. Unikanie. Frustracja. Uczucia społeczne i aspołeczne. Tolerancja. Nietolerancja. Konformizm. Nonkonformizm. Fatalizm. Dogmatyzm. Fanatyzm. Uprzedzenia. Dyskryminacja.
    • 4
    • UKD2
    • 13062
    • x
    • Poddział wspólny
    • -044.257
    • c
    • Dopowiedzenie poddz. wspólnego
    • -Wyłączenie, wykluczenie.
080 -Uniwersalna Klasyfikacja Dziesiętna [ , ]
    • 2
    • Identyfikator wydania tablic
    • UDC-P058
    • 9
    • UKD
    • 3783
    • a
    • Symbol klasyfikacji
    • 364.6
    • b
    • Dopowiedzenie
    • Problemy społeczne wymagające pomocy społecznej. Deprawacja społeczna. Marginalizacja społeczna. Równość szans. Problemy zdrowia psychicznego. Problemy emocjonalne. Izolacja społeczna. Rozpad społeczny. Bezpieczeństwo socjalne. Ubóstwo. Zadłużenie. Szanse edukacyjne. Warunki mieszkaniowe. Problemy opieki zdrowotnej.
080 -Uniwersalna Klasyfikacja Dziesiętna [ , ]
    • 2
    • Identyfikator wydania tablic
    • UDC-P058
    • 9
    • UKD
    • 3924
    • a
    • Symbol klasyfikacji
    • 376-058.53
    • b
    • Dopowiedzenie
    • Nauczanie osób z trudnością adaptacji (niedostosowanych społecznie). Resocjalizacja.
080 -Uniwersalna Klasyfikacja Dziesiętna [ , ]
    • 2
    • Identyfikator wydania tablic
    • UDC-P058
    • 9
    • UKD
    • 2800
    • a
    • Symbol klasyfikacji
    • 316.346.3-053.2
    • b
    • Dopowiedzenie
    • Socjologia dziecka.
080 -Uniwersalna Klasyfikacja Dziesiętna [ , ]
    • 2
    • Identyfikator wydania tablic
    • UDC-P058
    • 9
    • UKD
    • 2801
    • a
    • Symbol klasyfikacji
    • 316.346.3-053.6
    • b
    • Dopowiedzenie
    • Socjologia młodzieży.
650 -Hasło przedmiotowe [ ,7]
    • a
    • Hasło przedmiotowe
    • Młodzież
    • x
    • Określnik rzeczowy
    • opieka i pomoc
    • z
    • Określnik geograficzny
    • Polska
    • y
    • Określnik chronologiczny
    • 1990-.
    • 2
    • Źródło terminu
    • kaba
    • 9
    • KHW
    • 364954
650 -Hasło przedmiotowe [ ,7]
    • a
    • Hasło przedmiotowe
    • Polityka społeczna
    • x
    • Określnik rzeczowy
    • aspekt środowiskowy.
    • 2
    • Źródło terminu
    • kaba
    • 9
    • KHW
    • 364955
650 -Hasło przedmiotowe [ ,7]
    • a
    • Hasło przedmiotowe
    • Środowisko szkolne
    • x
    • Określnik rzeczowy
    • aspekt psychologiczny.
    • 2
    • Źródło terminu
    • kaba
    • 9
    • KHW
    • 364956
650 -Hasło przedmiotowe [ ,7]
    • a
    • Hasło przedmiotowe
    • Wykluczenie społeczne
    • z
    • Określnik geograficzny
    • Polska
    • y
    • Określnik chronologiczny
    • 1990-.
    • 2
    • Źródło terminu
    • kaba
    • 9
    • KHW
    • 364957
650 -Hasło przedmiotowe [ ,7]
    • a
    • Hasło przedmiotowe
    • Wykluczenie społeczne
    • x
    • Określnik rzeczowy
    • zapobieganie.
    • 2
    • Źródło terminu
    • kaba
    • 9
    • KHW
    • 364958
650 -Hasło przedmiotowe [ ,7]
    • a
    • Hasło przedmiotowe
    • Demokratyzacja edukacji.
    • 2
    • Źródło terminu
    • kaba
    • 9
    • KHW
    • 105885
651 -Hasło przedmiotowe w formie nazwy geograficznej [ ,7]
    • a
    • Nazwa geograficzna
    • Polska
    • x
    • Określnik rzeczowy
    • polityka społeczna
    • y
    • Określnik chronologiczny
    • 1989-.
    • 2
    • Źródło terminu
    • kaba
    • 9
    • KHW
    • 124820
980 -Symbol UKD [ , ]
    • a
    • UKD
    • 316.64-044.257:364.6:376-058.53:316.346.3-053.2/-053.6
700 -Hasło dodatkowe - nazwa osobowa [1, ]
    • a
    • Nazwa osobowa (NP)
    • Hirszel, Krzysztof Find
    • d
    • Daty biograficzne (NP)
    • (1929- ).
    • e
    • Określenie rodzaju współpracy
    • Red.
    • 9
    • KHW
    • 40638
710 -Hasło dodatkowe - nazwa ciała zbiorowego [2, ]
    • a
    • Nazwa ciała zbiorowego lub nazwa geograficzna jako pierwszy element (NP)
    • Difin.
    • 4
    • Kod relacji
    • pbl
    • 9
    • KHW
    • 52248
920 -ISBN [ , ]
    • a
    • ISBN
    • 978-83-7641-323-5 Find
Data inwentaryzacji Lokalizacja Status udost. Numer inwentarzowy
2012-03-09BG1Z.115838
2012-03-09BG-3WM.13012
2012-03-09BG-3WM.13013
2012-03-09BNS1H.21535